00912cam a2200265 a 4500999001900000001000900019005001700028008004100045020002500086020002200111020002500133020002200158040001300180082002300193100002200216245014200238250001200380260002900392300003500421650002800456700002500484700002000509942000700529952011000536 c112856d1128561736377220190612104726.0120627s2013 maua b 001 0 eng  a9780132612630 (hbk.) a0132612631 (hbk.) a9780133061468 (hbk.) a0133061469 (hbk.) cPK-LaUMT00a616.855223bBER-A1 aBernthal, John E.10aArticulation and phonological disorders :bspeech sound disorders in children /cby John E. Bernthal, Nicholas W. Bankson, Peter Flipsen b a7th ed. aBoston :bPearson,c2013 aviii, 447 p. :bill. ;c24 cm. 0aArticulation disorders.1 aBankson, Nicholas W.1 aFlipsen, Peter, cBK 00104070a01b01d2019-06-12l3o616.855 BER-Ap130293r2021-04-05 00:00:00s2021-04-01w2019-06-12yBK